Movies Quiz

Random Movies or Oscar Quiz

Harry Potter Characters at the Oscars Quiz Stats

 Plays Quiz Updated Aug 23, 2019

Score 0/12 Timer 02:00
2 Plays Today
% Correct
Lord Voldemort
82.2%
Sirius Black
81.4%
Bellatrix Lestrange
68%
Garrick Ollivander
64.3%
Minerva McGonagall
64.1%
Sybill Trelawney
63.3%
Gilderoy Lockhart
63.2%
Dolores Umbridge
62.8%
Molly Weasley
56.6%
Albus Dumbledore
51%
Rita Skeeter
47%
Horace Slughorn
41.2%

You're not logged in!

Compare scores with friends on all Sporcle quizzes.
OR
Log In

Sporcle TV

Today on Sporcle TV


Watch our educational content, quiz creation guides, and fun videos on Sporcle TV.

Show Comments

Extras

Top Quizzes Today


Score Distribution

Your Account Isn't Verified!

In order to create a playlist on Sporcle, you need to verify the email address you used during registration. Go to your Sporcle Settings to finish the process.

Report this User

Report this user for behavior that violates our Community Guidelines.

Details: